000
00241nam a2200121Ia 4500
100
_a
#N/A
650
_a
Computer/ IT
942
_c
BK
654
_a
pl/sql
245
_a
Teach yourself PL/SQL in 21 days
260
_b
#N/A
546
_a
ENGLISH
999
_c
25282
_d
25282